000 00309nam a2200133Ia 4500
005 20251222141934.0
008 251222s9999||||xx |||||||||||||| ||spa||
020 _a84-7050-207-7
082 _a291.432/P54
100 _aPietri, Gaston
245 0 _aDe una orilla a la otra:
264 _bEdicep
942 _cLIB
999 _c9127
_d9127